[Event "Gibtelecom ChallWk2 6th"]
[Site "Gibraltar"]
[Date "2008.01.27"]
[Round "1.11"]
[White "Jap Tjoen San, Linda"]
[Black "Arvola, Benjamin"]
[Result "1-0"]
[WhiteElo "2174"]
[BlackElo "2062"]
[PlyCount "79"]
[EventDate "2008.01.27"]
[EventType "swiss"]
[EventRounds "5"]
[EventCountry "GGB"]
[SourceTitle "BritBase"]
[Source "www.saund.co.uk"]
[SourceDate "2018.02.10"]
[SourceVersion "1"]
[SourceVersionDate "2018.02.10"]
[SourceQuality "1"]

1. e4 e6 2. d4 d5 3. e5 c5 4. c3 Nc6 5. Nf3 Qb6 6. a3 c4 7. Nbd2 Na5 8. g3 Bd7
9. Bh3 O-O-O 10. O-O f5 11. exf6 gxf6 12. Rb1 Bh6 13. Re1 Re8 14. Qe2 Bg7 15.
b3 cxb3 16. c4 Qc6 17. cxd5 Qxd5 18. Qe3 Kb8 19. Bg2 Bh6 20. Qd3 Qb5 21. Qxb5
Bxb5 22. Nxb3 Nxb3 23. Rxb3 Bc4 24. Rc3 Bxc1 25. Rxc4 Bxa3 26. Nd2 Nh6 27. Ra4
Bd6 28. Rea1 Rc8 29. Nc4 Rxc4 30. Rxc4 Bc7 31. Re1 Re8 32. Bh3 e5 33. Rec1 Re7
34. dxe5 fxe5 35. Rd1 b5 36. Rc5 a6 37. Rc6 Nf7 38. Rxa6 Kb7 39. Rf6 b4 40. Rd5
1-0

[Event "Gibtelecom ChallWk2 6th"]
[Site "Gibraltar"]
[Date "2008.01.27"]
[Round "1.12"]
[White "Lovik, Lasse Ostebo"]
[Black "Jaime Montalvan, Luis Felipe"]
[Result "0-1"]
[WhiteElo "2052"]
[BlackElo "2170"]
[PlyCount "129"]
[EventDate "2008.01.27"]
[EventType "swiss"]
[EventRounds "5"]
[EventCountry "GGB"]
[SourceTitle "BritBase"]
[Source "www.saund.co.uk"]
[SourceDate "2018.02.10"]
[SourceVersion "1"]
[SourceVersionDate "2018.02.10"]
[SourceQuality "1"]

1. e4 e5 2. Nf3 Nc6 3. Bb5 a6 4. Ba4 Nf6 5. O-O b5 6. Bb3 Be7 7. Re1 d6 8. c3
O-O 9. h3 Bb7 10. d3 Na5 11. Bc2 c5 12. Nbd2 Nc6 13. Nf1 Re8 14. Ng3 g6 15. a4
Bf8 16. Bg5 h6 17. Be3 Qc7 18. Qd2 Kh7 19. Nh4 d5 20. exd5 Nxd5 21. Bb3 Nxe3
22. fxe3 c4 23. Bc2 Na5 24. axb5 axb5 25. Rf1 Nb3 26. Bxb3 cxb3 27. Rxa8 Rxa8
28. Qf2 Bd5 29. Kh1 Be6 30. e4 b4 31. Ne2 bxc3 32. Nxc3 Qd8 33. Nf3 Bg7 34. Rd1
Rc8 35. d4 exd4 36. Nxd4 Qb6 37. Nd5 Bxd5 38. exd5 Bxd4 39. Rxd4 Rc1+ 40. Kh2
Qd6+ 41. Qf4 Qxf4+ 42. Rxf4 Kg7 43. Re4 Rc7 44. Kg3 Kf6 45. Kf4 Rc2 46. d6 Rc8
47. Re3 Rd8 48. Ke4 Ke6 49. Rxb3 Rxd6 50. g4 Ra6 51. Rb4 Rc6 52. b3 Rc1 53. Rc4
Rh1 54. Rc3 f5+ 55. gxf5+ gxf5+ 56. Kd4 Rd1+ 57. Rd3 Rh1 58. Re3+ Kf6 59. Kc5
f4 60. Rf3 Ke5 61. b4 Ke4 62. Ra3 f3 63. Ra2 Ke3 64. Ra3+ Ke2 65. Ra2+ {
...illegible score} 0-1

[Event "Gibtelecom ChallWk2 6th"]
[Site "Gibraltar"]
[Date "2008.01.27"]
[Round "1.13"]
[White "Vasvari, Tamas"]
[Black "Reppen, Sigmund"]
[Result "1/2-1/2"]
[WhiteElo "2174"]
[BlackElo "2061"]
[PlyCount "65"]
[EventDate "2008.01.27"]
[EventType "swiss"]
[EventRounds "5"]
[EventCountry "GGB"]
[SourceTitle "BritBase"]
[Source "www.saund.co.uk"]
[SourceDate "2018.02.10"]
[SourceVersion "1"]
[SourceVersionDate "2018.02.10"]
[SourceQuality "1"]

1. e4 e5 2. Nf3 Nc6 3. Bb5 a6 4. Ba4 Nf6 5. O-O Be7 6. Qe2 b5 7. Bb3 d6 8. c3
O-O 9. h3 Na5 10. Bc2 c5 11. b3 Nc6 12. Bb2 Nh5 13. Ne1 Nf4 14. Qf3 Bf6 15. a3
g6 16. d4 Bg7 17. d5 Nb8 18. Bc1 g5 19. Kh2 Re8 20. Be3 Nd7 21. g4 Nf8 22. Nd2
N8g6 23. Rg1 f6 24. Nf1 Kf7 25. Ng3 Rh8 26. Nh5 Nh4 27. Qd1 Qd7 28. Rg3 Nhg6
29. Ng2 Re8 30. Bd2 Nxg2 31. Kxg2 a5 32. a4 b4 33. c4 1/2-1/2

[Event "Gibtelecom ChallWk2 6th"]
[Site "Gibraltar"]
[Date "2008.01.27"]
[Round "1.14"]
[White "Hagen, Anders Gjerdrum"]
[Black "Vea, Odin Blikra"]
[Result "0-1"]
[WhiteElo "2049"]
[BlackElo "2168"]
[PlyCount "54"]
[EventDate "2008.01.27"]
[EventType "swiss"]
[EventRounds "5"]
[EventCountry "GGB"]
[SourceTitle "BritBase"]
[Source "www.saund.co.uk"]
[SourceDate "2018.02.10"]
[SourceVersion "1"]
[SourceVersionDate "2018.02.10"]
[SourceQuality "1"]

1. d4 d5 2. Nf3 Nc6 3. Bf4 Bg4 4. e3 Nf6 5. h3 Bxf3 6. Qxf3 e6 7. c3 Bd6 8. Bg5
Be7 9. Nd2 O-O 10. Bd3 e5 11. Qe2 exd4 12. exd4 Re8 13. O-O Ba3 14. Qf3 Bxb2
15. Rab1 Bxc3 16. Bxh7+ Kxh7 17. Qxc3 Rb8 18. Rb5 Re6 19. f4 Qd7 20. Rfb1 Re2
21. Bxf6 gxf6 22. Qf3 Rxd2 23. Qh5+ Kg7 24. R5b3 Qd6 25. Re1 Qxf4 26. Rf1 Qg5
27. Qxg5+ fxg5 0-1

[Event "Gibtelecom ChallWk2 6th"]
[Site "Gibraltar"]
[Date "2008.01.27"]
[Round "1.15"]
[White "Mundaca Alvarez, Juan Carlos"]
[Black "Strand, Haakon"]
[Result "0-1"]
[WhiteElo "2162"]
[BlackElo "2045"]
[PlyCount "92"]
[EventDate "2008.01.27"]
[EventType "swiss"]
[EventRounds "5"]
[EventCountry "GGB"]
[SourceTitle "BritBase"]
[Source "www.saund.co.uk"]
[SourceDate "2018.02.10"]
[SourceVersion "1"]
[SourceVersionDate "2018.02.10"]
[SourceQuality "1"]

1. e4 c5 2. Nf3 d6 3. d4 cxd4 4. Nxd4 Nf6 5. Nc3 a6 6. h3 e5 7. Nde2 Be6 8. g4
Be7 9. Bg2 Nfd7 10. Ng3 g6 11. Be3 Nc6 12. Nd5 Bxd5 13. exd5 Na5 14. b3 b5 15.
Qd2 Nb7 16. O-O O-O 17. g5 f5 18. gxf6 Nxf6 19. a4 Qc7 20. Rfc1 Nc5 21. axb5
axb5 22. Qb4 Qb7 23. Qd2 Qc7 24. Qe2 Rab8 25. Ra2 Rfc8 26. Rca1 Rb7 27. Ra5
Ncd7 28. Rxb5 Qc3 29. Rc1 Rbc7 30. Bd2 Qb2 31. c4 Nc5 32. Qe3 Qa3 33. Qc3 Ra8
34. Kh2 Nfd7 35. Ne2 Bf6 36. Qe3 e4 37. Bxe4 Re8 38. f3 Nxe4 39. fxe4 Nc5 40.
Ng3 Rce7 41. Re1 Qb2 42. Kh1 Nxe4 43. Nxe4 Rxe4 44. Qf2 Rxe1+ 45. Bxe1 Qa1 46.
Ra5 Rxe1+ 0-1

[Event "Gibtelecom ChallWk2 6th"]
[Site "Gibraltar"]
[Date "2008.01.27"]
[Round "1.16"]
[White "Foisor, Veronica"]
[Black "Schmidt, Raul"]
[Result "1/2-1/2"]
[WhiteElo "2043"]
[BlackElo "2160"]
[PlyCount "144"]
[EventDate "2008.01.27"]
[EventType "swiss"]
[EventRounds "5"]
[EventCountry "GGB"]
[SourceTitle "BritBase"]
[Source "www.saund.co.uk"]
[SourceDate "2018.02.10"]
[SourceVersion "1"]
[SourceVersionDate "2018.02.10"]
[SourceQuality "1"]

1. d4 Nf6 2. c4 d6 3. Nc3 Bf5 4. e3 Nbd7 5. Qf3 e6 6. Qxb7 a6 7. Qf3 c5 8. Qd1
Be7 9. Nf3 Qb6 10. Bd3 Bg4 11. Be2 Rc8 12. b3 O-O 13. O-O Rfd8 14. Bb2 Qa5 15.
Qd2 Qc7 16. h3 Bh5 17. Rac1 Nb6 18. Rfd1 Qb8 19. dxc5 dxc5 20. Qc2 Bg6 21. Bd3
Rxd3 22. Rxd3 Nxc4 23. e4 Nxb2 24. Qxb2 Nxe4 25. Nxe4 Bxe4 26. Rd7 Bf6 27. Qe2
Bc6 28. Rdd1 Bb5 29. Qe3 Be7 30. Ne5 Bd6 31. Nd3 h6 32. Rc3 c4 33. a4 Bd7 34.
Rxc4 Rxc4 35. bxc4 Bxa4 36. Rc1 Bc6 37. c5 Bc7 38. Qd4 a5 39. f4 Qb7 40. Ne5
Bxg2 41. c6 Bxc6 42. Rxc6 Bxe5 43. Qd8+ Kh7 44. Qd3+ g6 45. Rc4 Qb6+ 46. Kg2
Bd6 47. Qd4 Qxd4 48. Rxd4 Bb4 49. Rd7 Kg7 50. Ra7 g5 51. Kf3 Kg6 52. fxg5 hxg5
53. Ra6 Kf5 54. Ra7 f6 55. Rb7 Ke5 56. Rb6 Kd5 57. Kg4 Bc3 58. Ra6 Be1 59. Kh5
Bc3 60. h4 gxh4 61. Kxh4 f5 62. Kg5 Bd2+ 63. Kf6 f4 64. Rxe6 f3 65. Re5+ Kd4
66. Rf5 Ke3 67. Re5+ Kf4 68. Rf5+ Kg3 69. Ke5 a4 70. Ke4 f2 71. Kd3 a3 72. Ke2
Be3 1/2-1/2

[Event "Gibtelecom ChallWk2 6th"]
[Site "Gibraltar"]
[Date "2008.01.27"]
[Round "1.17"]
[White "Severijnen, Arjon"]
[Black "Haugstad, Espen"]
[Result "1-0"]
[WhiteElo "2158"]
[BlackElo "2042"]
[PlyCount "109"]
[EventDate "2008.01.27"]
[EventType "swiss"]
[EventRounds "5"]
[EventCountry "GGB"]
[SourceTitle "BritBase"]
[Source "www.saund.co.uk"]
[SourceDate "2018.02.10"]
[SourceVersion "1"]
[SourceVersionDate "2018.02.10"]
[SourceQuality "1"]

1. e4 c5 2. Nf3 e6 3. d4 cxd4 4. Nxd4 a6 5. Nc3 Nc6 6. Be2 Qc7 7. O-O Nf6 8.
Bg5 Be7 9. a4 O-O 10. Kh1 b6 11. f4 Bb7 12. Bf3 h6 13. Bxf6 Bxf6 14. e5 Be7 15.
Nxc6 dxc6 16. Be4 c5 17. Qf3 Bxe4 18. Qxe4 Rad8 19. Rad1 Rxd1 20. Rxd1 Rd8 21.
Qe2 c4 22. Rxd8+ Qxd8 23. Qd1 Qxd1+ 24. Nxd1 Bc5 25. g3 f5 26. exf6 gxf6 27.
Kg2 Bd4 28. Kf3 b5 29. Ke4 Ba7 30. axb5 axb5 31. Nc3 b4 32. Nb5 Bc5 33. Nc7 Kf7
34. Na6 Bg1 35. Nxb4 Bxh2 36. g4 Bg1 37. Nc6 Bb6 38. f5 exf5+ 39. Kxf5 Bc7 40.
b4 cxb3 41. cxb3 Bb6 42. b4 Ke8 43. Kxf6 Kd7 44. Ne5+ Kc7 45. Ke6 Bd4 46. Kd5
Bc3 47. Nd3 Kd7 48. b5 Ba5 49. Nc5+ Ke7 50. Nb3 Bd8 51. Nc5 Kf6 52. Kc6 Kg6 53.
Nb7 Bh4 54. b6 Kg5 55. Nd6 1-0

[Event "Gibtelecom ChallWk2 6th"]
[Site "Gibraltar"]
[Date "2008.01.27"]
[Round "1.18"]
[White "Wynarczyk, Raymond"]
[Black "Osuna Vega, Enrique"]
[Result "0-1"]
[WhiteElo "2039"]
[BlackElo "2146"]
[PlyCount "90"]
[EventDate "2008.01.27"]
[EventType "swiss"]
[EventRounds "5"]
[EventCountry "GGB"]
[SourceTitle "BritBase"]
[Source "www.saund.co.uk"]
[SourceDate "2018.02.10"]
[SourceVersion "1"]
[SourceVersionDate "2018.02.10"]
[SourceQuality "1"]

1. e4 c5 2. Nf3 e6 3. d4 cxd4 4. Nxd4 a6 5. Bd3 Nf6 6. Nc3 Qc7 7. Bg5 Bb4 8.
Qd2 Nc6 9. Nb3 Ne5 10. a3 Bxc3 11. Qxc3 Qxc3+ 12. bxc3 d6 13. Rb1 h6 14. Bf4
Ke7 15. Na5 Nc6 16. Nc4 e5 17. Nb6 Rb8 18. Be3 Be6 19. c4 Nd7 20. c5 Nxc5 21.
O-O Na7 22. f4 f6 23. Rb2 exf4 24. Bxf4 Nc6 25. Rfb1 Ne5 26. Bxe5 dxe5 27. Nd5+
Bxd5 28. exd5 Rhd8 29. Bc4 b5 30. Bf1 Na4 31. Rb3 Rbc8 32. c4 bxc4 33. Rb4 Nc3
34. Rc1 Nxd5 35. Rb7+ Rd7 36. Rxd7+ Kxd7 37. Bxc4 Ke7 38. Rd1 Rxc4 39. Rxd5 Ra4
40. Rd3 f5 41. g3 g5 42. h3 h5 43. Kf2 Ke6 44. Ke3 h4 45. Kd2 Rd4 0-1

[Event "Gibtelecom ChallWk2 6th"]
[Site "Gibraltar"]
[Date "2008.01.27"]
[Round "1.19"]
[White "Kozlov, Oleg"]
[Black "Gasik, Jadwiga"]
[Result "1-0"]
[WhiteElo "2144"]
[BlackElo "2032"]
[PlyCount "91"]
[EventDate "2008.01.27"]
[EventType "swiss"]
[EventRounds "5"]
[EventCountry "GGB"]
[SourceTitle "BritBase"]
[Source "www.saund.co.uk"]
[SourceDate "2018.02.10"]
[SourceVersion "1"]
[SourceVersionDate "2018.02.10"]
[SourceQuality "1"]

1. d4 f5 2. Nf3 Nf6 3. g3 c6 4. Bg2 d6 5. c4 Qc7 6. d5 e5 7. dxe6 Bxe6 8. Qc2
c5 9. Ng5 Bd7 10. Nc3 Nc6 11. O-O Nd4 12. Qd3 h6 13. Nf3 Nc6 14. Nb5 Qb8 15.
Rd1 Ne5 16. Qb3 Be7 17. Nxe5 dxe5 18. Bxb7 O-O 19. Bxa8 Qxa8 20. Nc7 Qe4 21.
Qf3 Qxc4 22. Qb3 Qf7 23. Qxf7+ Rxf7 24. Nd5 Bc6 25. Nxe7+ Rxe7 26. Be3 Ne4 27.
f3 f4 28. gxf4 exf4 29. Bxf4 Nf6 30. Rd2 Nd5 31. Bd6 Re6 32. Bxc5 Nf4 33. Kf1
Bb5 34. Re1 Nh3 35. Bxa7 Rf6 36. Kg2 Nf4+ 37. Kg3 h5 38. h4 Ne6 39. Be3 Rf5 40.
Kf2 Kf7 41. Red1 Rf6 42. Rd5 Bc4 43. Ra5 Nf4 44. Bxf4 Rxf4 45. Ra4 Rxh4 46. Rc1
1-0

[Event "Gibtelecom ChallWk2 6th"]
[Site "Gibraltar"]
[Date "2008.01.27"]
[Round "1.20"]
[White "Revesz, Kinga"]
[Black "Ungureanu, Sandu"]
[Result "1/2-1/2"]
[WhiteElo "2026"]
[BlackElo "2137"]
[PlyCount "95"]
[EventDate "2008.01.27"]
[EventType "swiss"]
[EventRounds "5"]
[EventCountry "GGB"]
[SourceTitle "BritBase"]
[Source "www.saund.co.uk"]
[SourceDate "2018.02.10"]
[SourceVersion "1"]
[SourceVersionDate "2018.02.10"]
[SourceQuality "1"]

1. e4 e6 2. d4 d5 3. e5 c5 4. c3 Nc6 5. Nf3 cxd4 6. cxd4 Bb4+ 7. Nc3 Qb6 8. a3
Bxc3+ 9. bxc3 Nge7 10. Bd3 Bd7 11. O-O h6 12. Be3 Na5 13. Rb1 Qc7 14. Qc2 Rc8
15. Rfc1 a6 16. Nd2 b5 17. Nb3 Nxb3 18. Rxb3 Nc6 19. Qb1 Na5 20. Rb4 Qa7 21.
Qa2 Rc7 22. Qd2 Nc4 23. Bxc4 Rxc4 24. Rxc4 bxc4 25. Qb2 O-O 26. Rb1 Bb5 27. Qb4
Qd7 28. Qb2 Qe7 29. Qb4 Qxb4 30. axb4 f5 31. f4 Kf7 32. Kf2 Rg8 33. h4 Ra8 34.
Ra1 Kg6 35. g3 Kh5 36. Bd2 Kg4 37. Be3 Bc6 38. Kg2 Kh5 39. Bd2 Kg6 40. Be3 Kf7
41. Kf2 Ke7 42. Ke2 Kd7 43. Kd2 Kc7 44. Kc2 Kb6 45. Kb2 Be8 46. Bd2 Bh5 47. Be3
Rb8 48. Bd2 1/2-1/2

[Event "Gibtelecom ChallWk2 6th"]
[Site "Gibraltar"]
[Date "2008.01.27"]
[Round "1.21"]
[White "Kvisla, Johannes Luangtep"]
[Black "Pettersen, Joar Gullestad"]
[Result "1-0"]
[WhiteElo "2134"]
[BlackElo "2026"]
[PlyCount "73"]
[EventDate "2008.01.27"]
[EventType "swiss"]
[EventRounds "5"]
[EventCountry "GGB"]
[SourceTitle "BritBase"]
[Source "www.saund.co.uk"]
[SourceDate "2018.02.10"]
[SourceVersion "1"]
[SourceVersionDate "2018.02.10"]
[SourceQuality "1"]

1. e4 e5 2. Nf3 Nc6 3. d4 exd4 4. Nxd4 Nf6 5. Nc3 Bb4 6. Nxc6 bxc6 7. Bd3 d5 8.
exd5 cxd5 9. O-O O-O 10. Bg5 c6 11. Qf3 h6 12. Bf4 Bd6 13. h3 Rb8 14. b3 Be6
15. Ne2 c5 16. c3 Rb6 17. Rad1 Bc8 18. Bxd6 Rxd6 19. Ng3 Re8 20. Bb5 Re5 21.
Qf4 Qe7 22. Bd3 Ne4 23. Nxe4 dxe4 24. Bc4 Rf6 25. Qd2 Qf8 26. Rfe1 Be6 27. f4
e3 28. Rxe3 Rxe3 29. Qxe3 Bxc4 30. bxc4 Re6 31. Qf2 Re4 32. Rd5 Qe7 33. Qxc5
Qxc5+ 34. Rxc5 Re2 35. Ra5 Rc2 36. Ra3 Kf8 37. c5 1-0

[Event "Gibtelecom ChallWk2 6th"]
[Site "Gibraltar"]
[Date "2008.01.27"]
[Round "1.22"]
[White "Getz, Nicolai"]
[Black "Morris-Hill, Ray"]
[Result "1-0"]
[WhiteElo "2019"]
[BlackElo "2129"]
[PlyCount "45"]
[EventDate "2008.01.27"]
[EventType "swiss"]
[EventRounds "5"]
[EventCountry "GGB"]
[SourceTitle "BritBase"]
[Source "www.saund.co.uk"]
[SourceDate "2018.02.10"]
[SourceVersion "1"]
[SourceVersionDate "2018.02.10"]
[SourceQuality "1"]

1. e4 c5 2. Nf3 Nc6 3. d4 cxd4 4. Nxd4 e5 5. Nb5 d6 6. a4 Be6 7. N1c3 a6 8. Na3
Rc8 9. Nc4 Nf6 10. Bg5 Nd4 11. Bxf6 gxf6 12. Ne3 Bg7 13. Bd3 O-O 14. O-O Kh8
15. Qh5 Rg8 16. Ncd5 Bf8 17. f4 Be7 18. Nxe7 Qxe7 19. f5 Bxf5 20. Nxf5 Nxf5 21.
Rxf5 Rg6 22. Qf3 Rcg8 23. g3 1-0

[Event "Gibtelecom ChallWk2 6th"]
[Site "Gibraltar"]
[Date "2008.01.27"]
[Round "1.23"]
[White "Gravett, Alan D"]
[Black "Husin, Axel"]
[Result "1/2-1/2"]
[WhiteElo "1869"]
[BlackElo "2012"]
[PlyCount "35"]
[EventDate "2008.01.27"]
[EventType "swiss"]
[EventRounds "5"]
[EventCountry "GGB"]
[SourceTitle "BritBase"]
[Source "www.saund.co.uk"]
[SourceDate "2018.02.10"]
[SourceVersion "1"]
[SourceVersionDate "2018.02.10"]
[SourceQuality "1"]

1. g3 d5 2. Nf3 Bf5 3. Bg2 c6 4. b3 Nf6 5. Ba3 Nbd7 6. d4 e6 7. Bxf8 Nxf8 8.
O-O N8d7 9. Nbd2 O-O 10. Nh4 Bg6 11. Nxg6 hxg6 12. e4 Nb6 13. e5 Nfd7 14. a4 a5
15. c4 Nc8 16. Qb1 Ne7 17. Rc1 Nf5 18. Qb2 1/2-1/2

[Event "Gibtelecom ChallWk2 6th"]
[Site "Gibraltar"]
[Date "2008.01.27"]
[Round "1.24"]
[White "Molina, Antonio"]
[Black "Blom, Martijn"]
[Result "1-0"]
[WhiteElo "2011"]
[BlackElo "1946"]
[PlyCount "96"]
[EventDate "2008.01.27"]
[EventType "swiss"]
[EventRounds "5"]
[EventCountry "GGB"]
[SourceTitle "BritBase"]
[Source "www.saund.co.uk"]
[SourceDate "2018.02.10"]
[SourceVersion "1"]
[SourceVersionDate "2018.02.10"]
[SourceQuality "1"]

1. d4 Nf6 2. c4 g6 3. Nc3 Bg7 4. e4 d6 5. Nf3 O-O 6. Be2 e5 7. O-O Nc6 8. d5
Ne7 9. Ne1 Nd7 10. Be3 f5 11. f3 f4 12. Bf2 g5 13. a4 a5 14. Nd3 b6 15. b4 axb4
16. Nb5 Nc5 17. Be1 Rf6 18. Bxb4 g4 19. Bxc5 gxf3 20. Bxf3 bxc5 21. Nf2 Ba6 22.
Bg4 Kh8 23. Qb3 c6 24. Nc3 Rb8 25. Qa2 Rb4 26. Be2 cxd5 27. cxd5 Bxe2 28. Qxe2
Rb3 29. Qc4 Rb4 30. Qa6 f3 31. g3 Bh6 32. Ng4 Rg6 33. Nxh6 Rxh6 34. Rxf3 Rb2
35. Ne2 Qc7 36. Qc4 Qa5 37. Rb3 Rxb3 38. Qxb3 Qd2 39. Qf3 Ng8 40. Rf1 Rf6 41.
Qg4 Rxf1+ 42. Kxf1 Qd1+ 43. Kf2 Qxa4 44. Qf5 c4 45. Qc8 Qc2 46. Qc6 Qxe4 47.
Qxd6 Qf5+ 48. Ke1 Nf6 1-0

[Event "Gibtelecom ChallWk2 6th"]
[Site "Gibraltar"]
[Date "2008.01.27"]
[Round "1.25"]
[White "Helin, Mikael"]
[Black "Hickman, John E"]
[Result "1/2-1/2"]
[WhiteElo "1935"]
[BlackElo "2009"]
[PlyCount "129"]
[EventDate "2008.01.27"]
[EventType "swiss"]
[EventRounds "5"]
[EventCountry "GGB"]
[SourceTitle "BritBase"]
[Source "www.saund.co.uk"]
[SourceDate "2018.02.10"]
[SourceVersion "1"]
[SourceVersionDate "2018.02.10"]
[SourceQuality "1"]

1. e4 d6 2. Nc3 g6 3. g3 Bg7 4. Bg2 c5 5. d3 Nc6 6. h3 e6 7. Be3 Nge7 8. Qd2
O-O 9. h4 Nd4 10. h5 Nec6 11. Rc1 Rb8 12. Nd1 e5 13. Nc3 Be6 14. Nh3 Bg4 15.
Ng5 h6 16. f3 Bxh5 17. g4 hxg5 18. gxh5 Ne6 19. h6 Bh8 20. h7+ Kg7 21. Bh3 Nf4
22. Bf5 gxf5 23. exf5 Nd4 24. Bxd4 exd4 25. Qh2 Re8+ 26. Ne4 Qf6 27. Kf2 Rxe4
28. fxe4 Kf8 29. Rcg1 c4 30. Qg3 cxd3 31. cxd3 Rc8 32. Qxg5 Qxg5 33. Rxg5 Ke7
34. Rg8 Rf8 35. Kf3 Nxd3 36. Rh3 Ne5+ 37. Ke2 Nd7 38. Rh1 Nf6 39. Rxf8 Kxf8 40.
Kd3 Kg7 41. Kxd4 Nxh7 42. Kd3 Kg8 43. b4 Be5 44. Re1 Nf6 45. Rc1 d5 46. Rc8+
Kg7 47. exd5 Nxd5 48. Ke4 Nb6 49. Rc1 f6 50. Rg1+ Kf7 51. Rh1 Ke7 52. Rh7+ Kd6
53. Rxb7 Nc8 54. Rb5 Kc6 55. Rxe5 fxe5 56. Kxe5 Kd7 57. a4 Nb6 58. a5 Nc4+ 59.
Kd4 Nd6 60. f6 Kc6 61. Ke5 Nf7+ 62. Ke6 Ng5+ 63. Kf5 Nf7 64. Ke6 Ng5+ 65. Kf5
1/2-1/2

[Event "Gibtelecom ChallWk2 6th"]
[Site "Gibraltar"]
[Date "2008.01.27"]
[Round "1.27"]
[White "Campeanu, Alin-Vivian"]
[Black "Lindsoe, Fredrik Aunan"]
[Result "0-1"]
[WhiteElo "1912"]
[BlackElo "2001"]
[PlyCount "70"]
[EventDate "2008.01.27"]
[EventType "swiss"]
[EventRounds "5"]
[EventCountry "GGB"]
[SourceTitle "BritBase"]
[Source "www.saund.co.uk"]
[SourceDate "2018.02.10"]
[SourceVersion "1"]
[SourceVersionDate "2018.02.10"]
[SourceQuality "1"]

1. e4 c5 2. Nc3 Nc6 3. f4 g6 4. Bc4 Bg7 5. Nf3 d6 6. d3 e6 7. O-O Nge7 8. a3
Nd4 9. Nxd4 cxd4 10. Ne2 O-O 11. Bb3 Qb6 12. Qe1 d5 13. e5 f6 14. exf6 Bxf6 15.
g4 Bd7 16. Bd2 a5 17. a4 Qc5 18. Rf3 b6 19. Kg2 Rf7 20. Qf2 Raf8 21. Rf1 Nc6
22. Ng3 Bh4 23. Qe2 Kg7 24. Kh3 Bd8 25. Kg2 Qd6 26. f5 exf5 27. gxf5 Bxf5 28.
Nxf5+ Rxf5 29. Rxf5 Rxf5 30. Rxf5 gxf5 31. Qf3 Ne7 32. Bf4 Qe6 33. Qg3+ Ng6 34.
Bc1 Qe2+ 35. Qf2 Nh4+ 0-1

[Event "Gibtelecom ChallWk2 6th"]
[Site "Gibraltar"]
[Date "2008.01.27"]
[Round "1.28"]
[White "Larsson, Daniel"]
[Black "Reppen, Ellisiv"]
[Result "1-0"]
[WhiteElo "2003"]
[BlackElo "1918"]
[PlyCount "71"]
[EventDate "2008.01.27"]
[EventType "swiss"]
[EventRounds "5"]
[EventCountry "GGB"]
[SourceTitle "BritBase"]
[Source "www.saund.co.uk"]
[SourceDate "2018.02.10"]
[SourceVersion "1"]
[SourceVersionDate "2018.02.10"]
[SourceQuality "1"]

1. e4 e5 2. Nf3 Nc6 3. Bb5 a6 4. Ba4 Nf6 5. d3 b5 6. Bb3 Be7 7. O-O d6 8. c3
O-O 9. Re1 Na5 10. Bc2 c5 11. Nbd2 Re8 12. Nf1 Bf8 13. a4 Rb8 14. axb5 axb5 15.
Bg5 Nc6 16. h3 h6 17. Be3 Ne7 18. d4 cxd4 19. cxd4 Ng6 20. Ng3 Bb7 21. Qb1 Ra8
22. Bd3 Rxa1 23. Qxa1 Qd7 24. Qd1 Rb8 25. Bd2 Ne8 26. Qb3 Bc8 27. Ra1 Qe6 28.
d5 Qf6 29. Ra5 Nc7 30. Ra7 Na6 31. Ba5 Nc5 32. Qd1 Nxd3 33. Nh5 Nxb2 34. Nxf6+
gxf6 35. Qb3 Nc4 36. Bc7 1-0

[Event "Gibtelecom ChallWk2 6th"]
[Site "Gibraltar"]
[Date "2008.01.27"]
[Round "1.29"]
[White "Sellak, Haddou"]
[Black "Bryn, Askild"]
[Result "1-0"]
[WhiteElo "1900"]
[BlackElo "1997"]
[PlyCount "71"]
[EventDate "2008.01.27"]
[EventType "swiss"]
[EventRounds "5"]
[EventCountry "GGB"]
[SourceTitle "BritBase"]
[Source "www.saund.co.uk"]
[SourceDate "2018.02.10"]
[SourceVersion "1"]
[SourceVersionDate "2018.02.10"]
[SourceQuality "1"]

1. e4 c5 2. Nf3 Nc6 3. Bb5 Na5 4. c3 a6 5. Be2 e6 6. d4 cxd4 7. Nxd4 Nf6 8. e5
Nd5 9. O-O d6 10. exd6 Bxd6 11. Nf3 Qc7 12. Nbd2 O-O 13. Ne4 Bf4 14. g3 Bxc1
15. Qxc1 f5 16. Ned2 e5 17. c4 Nf6 18. b4 Nc6 19. b5 Nd8 20. Qb2 e4 21. Ne5 f4
22. b6 Qe7 23. c5 f3 24. Bc4+ Kh8 25. Bb3 Qxc5 26. Ndc4 Ng4 27. Rfe1 Bf5 28.
Nxg4 Bxg4 29. Rxe4 Rc8 30. Re5 Qc6 31. Rd1 Nf7 32. Re7 Be6 33. Rd6 Rce8 34.
Rxc6 Rxe7 35. Rc7 Bd7 36. Ne3 1-0

[Event "Gibtelecom ChallWk2 6th"]
[Site "Gibraltar"]
[Date "2008.01.27"]
[Round "1.30"]
[White "Dennis, Nigel W"]
[Black "Hassall, Mark Ian"]
[Result "1-0"]
[WhiteElo "1957"]
[BlackElo "1896"]
[PlyCount "61"]
[EventDate "2008.01.27"]
[EventType "swiss"]
[EventRounds "5"]
[EventCountry "GGB"]
[SourceTitle "BritBase"]
[Source "www.saund.co.uk"]
[SourceDate "2018.02.10"]
[SourceVersion "1"]
[SourceVersionDate "2018.02.10"]
[SourceQuality "1"]

1. e4 c5 2. Nf3 Nc6 3. d4 cxd4 4. Nxd4 Nf6 5. Nc3 e5 6. Ndb5 d6 7. Bg5 a6 8.
Na3 b5 9. Nd5 Be7 10. Bxf6 Bxf6 11. c3 Bg5 12. Nc2 Rb8 13. Be2 O-O 14. O-O f5
15. exf5 Bxf5 16. Nce3 Be6 17. Bg4 Bxg4 18. Qxg4 Bxe3 19. fxe3 Kh8 20. Rxf8+
Qxf8 21. Qd7 Na5 22. Rf1 Qd8 23. Rf7 Qh4 24. Qxd6 Rg8 25. Qxe5 Nc4 26. Qd4 Qh5
27. Qxg7+ Rxg7 28. Rf8+ Rg8 29. Rxg8+ Kxg8 30. Nf6+ Kf7 31. Nxh5 1-0

[Event "Gibtelecom ChallWk2 6th"]
[Site "Gibraltar"]
[Date "2008.01.27"]
[Round "1.31"]
[White "Munz, Jostein"]
[Black "Pettersson, Anders"]
[Result "1/2-1/2"]
[WhiteElo "1861"]
[BlackElo "1984"]
[PlyCount "88"]
[EventDate "2008.01.27"]
[EventType "swiss"]
[EventRounds "5"]
[EventCountry "GGB"]
[SourceTitle "BritBase"]
[Source "www.saund.co.uk"]
[SourceDate "2018.02.10"]
[SourceVersion "1"]
[SourceVersionDate "2018.02.10"]
[SourceQuality "1"]

1. e4 c5 2. c3 g6 3. d4 cxd4 4. cxd4 Bg7 5. Nc3 d6 6. Be3 Nf6 7. Bd3 O-O 8.
Nge2 Nc6 9. Rc1 Bd7 10. O-O Ng4 11. Qe1 Nxe3 12. fxe3 Rc8 13. Qf2 a6 14. a3 e6
15. Qg3 Qe7 16. Qf3 Na5 17. b4 Nc4 18. Bxc4 Rxc4 19. Nf4 Rfc8 20. Nce2 Bb5 21.
Qf2 Qe8 22. Rfd1 Rxc1 23. Rxc1 Rxc1+ 24. Nxc1 e5 25. dxe5 Qxe5 26. Qc2 Bc6 27.
Nce2 Qxe4 28. Qxe4 Bxe4 29. Nd4 Kf8 30. Kf2 Ke7 31. Nfe2 f5 32. h4 Bf6 33. g3
g5 34. hxg5 Bxg5 35. Nf4 Bf6 36. Nh5 Be5 37. Nf4 Kd7 38. Nfe6 Bxd4 39. Nxd4 b6
40. Ke2 Kc7 41. Kd2 a5 42. bxa5 bxa5 43. Kc3 Kb6 44. Kc4 d5+ 1/2-1/2